01543nam a2200361Ia 4500001001200000003000800012006001900020007001500039008004100054010001700095020003800112020003100150040002100181035002100202050002500223082001200248100002100260245009900281260005800380300001600438490003500454500011600489504005100605533015200656650002200808650004700830655002900877700006000906710001700966830005500983856012601038999001701164ebr10689949CaPaEBRm u cr cn|||||||||121130s2013 nmu sb 001 0 eng d z 2012048009 z9780826353245 (pbk. : alk. paper) z9780826353252 (electronic) aCaPaEBRcCaPaEBR a(OCoLC)84296373314aR726.5b.C673 2013eb04a6102231 aConway, Kathlyn.10aBeyond wordsh[electronic resource] :billness and the limits of expression /cKathlyn Conway. aAlbuquerque :bUniversity of New Mexico Press,c2013. axii, 168 p.1 aLiterature and medicine series aOriginally published as: Illness and the limits of expression. Ann Arbor : University of Michigan Press, c2007. aIncludes bibliographical references and index. aElectronic reproduction.bPalo Alto, Calif. :cebrary,d2013.nAvailable via World Wide Web.nAccess may be limited to ebrary affiliated libraries. 0aSickxPsychology. 0aPatients' writingsxHistory and criticism. 7aElectronic books.2local1 aConway, Kathlyn.tIllness and the limits of expression.2 aebrary, Inc. 0aLiterature and medicine series (Albuquerque, N.M.)40uhttp://site.ebrary.com/lib/rucke/Doc?id=10689949zAn electronic book accessible through the World Wide Web; click to view c26491d26491